[Event "Washington International 2012"]
[Site "Rockville USA"]
[Date "2012.08.01"]
[Round "5.4"]
[White "Shabalov,A"]
[Black "Klinova,M"]
[Result "1-0"]
[WhiteElo "2534"]
[BlackElo "2318"]

1.c4 e5 2.Nc3 Nc6 3.Nf3 g6 4.g3 Bg7 5.Bg2 d6 6.O-O f5 7.d3 Nf6 8.Rb1 a5 9.a3 O-O
10.b4 axb4 11.axb4 h6 12.b5 Ne7 13.c5 Be6 14.Bb2 g5 15.b6 c6 16.cxd6 Qxd6
17.e4 Ng6 18.exf5 Bxf5 19.Qb3+ Be6 20.Qc2 Rfd8 21.d4 exd4 22.Nxd4 Qxd4 23.Nd5 Qxb2
24.Rxb2 Nxd5 25.Qxg6 Bf7 26.Qc2 Bxb2 27.Qxb2 Re8 28.h3 Ra6 29.Qd4 Ra5 30.h4 Rb5
31.hxg5 hxg5 32.Rc1 Nxb6 33.Bf1 Rb3 34.Qf6 Nd5 35.Qxg5+ Kf8 36.Bh3 Ne7 37.Qh6+ Kg8
38.Be6 Rb5 39.Rc4  1-0

[Event "Washington International 2012"]
[Site "Rockville USA"]
[Date "2012.08.01"]
[Round "9.4"]
[White "Kekelidze,M"]
[Black "Shabalov,A"]
[Result "0-1"]
[WhiteElo "2494"]
[BlackElo "2534"]

1.Nf3 c5 2.c4 Nc6 3.Nc3 e5 4.g3 g6 5.Bg2 Bg7 6.d3 d6 7.Bg5 Nge7 8.h4 h6 9.Bd2 Be6
10.a3 Qd7 11.Rb1 d5 12.cxd5 Nxd5 13.Nxd5 Bxd5 14.O-O b6 15.b4 cxb4 16.axb4 O-O
17.Qa4 Rad8 18.e4 Be6 19.b5 Nd4 20.Nxd4 Qxd4 21.Qxa7 Ra8 22.Qe7 Rfe8 23.Qb4 Qxd3
24.Be3 Bf8 25.Qb2 Ba3 26.Qd2 Qxd2 27.Bxd2 Bc5 28.Bxh6 Ra3 29.Rfc1 Rea8 30.Rc2 R8a4
31.Kh2 Bc4 32.Bc1 Ra2 33.Rxa2 Rxa2 34.Rb2 Rxb2 35.Bxb2 Bd4 36.Ba3 Bxf2 37.Bf3 Bxb5
38.Kg2 Bd4 39.Bd1 Bc6 40.Kf3 Kg7 41.Bb4 Bb5 42.g4 Bc4 43.Ba4 Bc5 44.Bxc5 bxc5
45.g5 f5 46.gxf6+ Kxf6 47.Bc6 Kg7 48.Bd7 Kh6 49.Bg4 Kg7 50.Ke3 Kf6 51.Bc8 Be6
52.Ba6 Bg4 53.Bc4 Kg7 54.Kf2 Kh6 55.Kg3 Bd1 56.Bd5 Bc2 57.Kg4 Bd3 58.Kf3 Kh5
59.Ke3 Bf1 60.Bf7 c4 61.Kd2 Bg2 62.Ke3 c3 63.Bd5 Kxh4 64.Kd3 Kg4 65.Kxc3 Kf4
66.Kd3 g5 67.Ke2 Bxe4 68.Bc4 Kg3 69.Ke3 Bf3 70.Be6 Bg4 71.Bc4 Bf5 72.Bb5 g4
73.Be2 Kh3 74.Kf2 Kh2  0-1

[Event "113th US Open 2012"]
[Site "Vancouver USA"]
[Date "2012.08.08"]
[Round "5"]
[White "Omori,Michael"]
[Black "Shabalov,A"]
[Result "0-1"]
[WhiteElo "2188"]
[BlackElo "2553"]

1.e4 c5 2.c3 d6 3.d4 Nf6 4.Bd3 g6 5.Nf3 Bg7 6.h3 O-O 7.O-O Qc7 8.Re1 e5 9.Be3 b6
10.Nbd2 Nh5 11.dxe5 dxe5 12.Bc4 Bb7 13.b4 cxb4 14.cxb4 Nc6 15.Qb3 Qe7 16.a3 Rad8
17.Rad1 h6 18.Nb1 Nd4 19.Bxd4 exd4 20.Bd5 Nf4 21.a4 Nxd5 22.exd5 Bxd5 23.Rxe7 Bxb3
24.Rc1 Bxa4 25.Rxa7 b5 26.Nbd2 Rc8 27.Rcc7 Rxc7 28.Rxc7 Rd8 29.Ne4 d3 30.Nfd2 Bb2
31.Kf1 Ba3  0-1

[Event "113th US Open 2012"]
[Site "Vancouver USA"]
[Date "2012.08.09"]
[Round "4"]
[White "Shabalov,A"]
[Black "Schmakel,Sam A"]
[Result "1-0"]
[WhiteElo "2553"]
[BlackElo "2127"]

1.c4 Nf6 2.Nc3 d5 3.cxd5 Nxd5 4.g3 e5 5.Bg2 Nb6 6.e3 g6 7.b3 Nc6 8.Nge2 Nb4
9.O-O Nd3 10.f4 exf4 11.Nxf4 Nxc1 12.Qxc1 Bg7 13.Qa3 Bxc3 14.dxc3 Qe7 15.Qa5 O-O
16.e4 Re8 17.Nd5 Nxd5 18.exd5 Bf5 19.c4 Qe3+ 20.Rf2 Qd4 21.Rf1 Bd3 22.Re1 b6
23.Qd2 Kf8 24.Rd1 Re3 25.d6 Rae8 26.dxc7 Qc5 27.Qc3 Bf5 28.Qh8+ Ke7 29.Qxh7 Qxc7
30.Bd5 Kf8 31.Qh8+ Ke7 32.Qg7 Rf8 33.Rxf5 Rxg3+ 34.Kh1  1-0

[Event "113th US Open 2012"]
[Site "Vancouver USA"]
[Date "2012.08.09"]
[Round "6"]
[White "Ramirez,Alej"]
[Black "Shabalov,A"]
[Result "1/2-1/2"]
[WhiteElo "2559"]
[BlackElo "2553"]

1.d4 d5 2.c4 c6 3.Nf3 Nf6 4.Nc3 e6 5.g3 dxc4 6.Bg2 b5 7.O-O Bb7 8.e4 Be7
9.e5 Nd5 10.Ne4 h6 11.Bd2  1/2-1/2

[Event "113th US Open 2012"]
[Site "Vancouver USA"]
[Date "2012.08.10"]
[Round "7"]
[White "Goldberg,Mi"]
[Black "Shabalov,A"]
[Result "1/2-1/2"]
[WhiteElo "2254"]
[BlackElo "2553"]

1.f4 d5 2.Nf3 g6 3.g3 Bg7 4.Bg2 c6 5.Nc3 Nf6 6.d3 d4 7.Ne4 Nd5 8.O-O O-O
9.e3 Nxe3 10.Bxe3 dxe3 11.c3 Qb6 12.Qe2 Na6 13.a4 Nc7 14.a5 Qb5 15.Qxe3 Qxb2
16.Ne5 Qb3 17.c4 Ne6 18.Qd2 Rd8 19.Rab1 Qa3 20.Ra1 Qb3  1/2-1/2

[Event "113th US Open 2012"]
[Site "Vancouver USA"]
[Date "2012.08.11"]
[Round "8"]
[White "Shabalov,A"]
[Black "Haessler,C"]
[Result "1-0"]
[WhiteElo "2553"]
[BlackElo "2169"]

1.e4 e5 2.Nf3 Nc6 3.Bb5 Nd4 4.Nxd4 exd4 5.Bc4 Qe7 6.O-O d6 7.c3 dxc3 8.Nxc3 c6
9.d4 g6 10.Re1 Bg7 11.Bf4 a6 12.Rc1 b5 13.e5 d5 14.Bxd5 Bb7 15.Bf3 Nh6 16.Ne4 O-O
17.Bg5 Qb4 18.Nd6 Ra7 19.Nxb7 Rxb7 20.Bxc6 Rbb8 21.Qd2 Qxd2 22.Bxd2 Nf5 23.d5  1-0

[Event "113th US Open 2012"]
[Site "Vancouver USA"]
[Date "2012.08.12"]
[Round "9"]
[White "Shvartsman,A"]
[Black "Shabalov,A"]
[Result "0-1"]
[WhiteElo "2267"]
[BlackElo "2553"]

1.e4 c5 2.Nf3 Nc6 3.d4 cxd4 4.Nxd4 e5 5.Nb5 d6 6.c4 Be7 7.Be3 f5 8.exf5 Bxf5
9.Bd3 Be6 10.O-O Nf6 11.N5c3 Rc8 12.Nd5 O-O 13.Nbc3 Qd7 14.Nxf6+ Bxf6 15.Nd5 Bd8
16.Be4 Nd4 17.Bxd4 exd4 18.Qxd4 b5 19.Rac1 bxc4 20.Rxc4 Rxc4 21.Qxc4 Kh8
22.Qd3 Bg8 23.Rd1 Qc8 24.b4 Re8 25.a3 Re5 26.f4 Re8 27.a4 Qc6 28.a5 Qa4 29.Rb1 Bxa5
30.bxa5 Rxe4 31.Rb8 Re1+ 32.Kf2 Rd1 33.Ne7 Qxf4+ 34.Qf3 Qd4+ 35.Qe3 Qxe3+
36.Kxe3 Re1+  0-1

[Event "2nd Metropolitan International"]
[Site "Los Angeles USA"]
[Date "2012.08.14"]
[Round "1"]
[White "Shabalov,A"]
[Black "Brown,Michael William"]
[Result "1/2-1/2"]
[WhiteElo "2553"]
[BlackElo "2247"]

1.c4 e5 2.Nc3 Nc6 3.Nf3 g6 4.g3 Bg7 5.Bg2 d6 6.Rb1 a5 7.a3 f5 8.d3 Nf6 9.O-O O-O
10.b4 axb4 11.axb4 h6 12.b5 Ne7 13.Bb2 Be6 14.c5 Nd7 15.cxd6 cxd6 16.Ra1 Qb6
17.Nd2 d5 18.e4 fxe4 19.dxe4 d4 20.Nd5 Nxd5 21.exd5 Bf5 22.Ba3 Rfc8 23.Ne4 Bf8
24.Bxf8 Rxa1 25.Qxa1 Rxf8 26.Qa3 Qxb5 27.Qe7 Qb6 28.Nd6 Qd8 29.Qxd8 Rxd8
30.f4 d3 31.h3 exf4 32.Rxf4 Nc5 33.Nxf5 gxf5 34.Rxf5 d2 35.Rf1 Re8 36.Bf3 Nd3
37.d6 Rd8 38.Rd1 Ne5 39.Bd5+ Kg7 40.Rxd2 Rxd6 41.Kf2 b5 42.Ke3 b4 43.Rd4 Nd7  1/2-1/2

[Event "2nd Metropolitan International"]
[Site "Los Angeles USA"]
[Date "2012.08.15"]
[Round "2"]
[White "Wang,K"]
[Black "Shabalov,A"]
[Result "0-1"]
[WhiteElo "2216"]
[BlackElo "2553"]

1.e4 e6 2.d4 d5 3.exd5 exd5 4.Nf3 Bd6 5.Bd3 Bg4 6.c3 Nc6 7.Be3 Nge7 8.Nbd2 Qd7
9.Qc2 O-O-O 10.O-O-O Kb8 11.Kb1 h6 12.h3 Be6 13.Rhe1 f6 14.Ka1 g5 15.b4 Bf5
16.Bxf5 Nxf5 17.Nb3 b6 18.b5 Nce7 19.c4 Bb4 20.Bd2 Bxd2 21.Rxd2 dxc4 22.Qxc4 Nd6
23.Qe6 Qxe6 24.Rxe6 Nd5 25.a4 Rde8 26.Rxe8+ Rxe8 27.g3 h5 28.Rc2 g4 29.hxg4 hxg4
30.Nh4 Re1+ 31.Rc1 Re2 32.Rf1 Nc3 33.Nc1 Rc2 34.Ng2 Nc4 35.Ne3 Rb2  0-1

[Event "2nd Metropolitan International"]
[Site "Los Angeles USA"]
[Date "2012.08.15"]
[Round "3"]
[White "Shabalov,A"]
[Black "Aldama Degurnay,D"]
[Result "1-0"]
[WhiteElo "2553"]
[BlackElo "2425"]

1.d4 Nf6 2.c4 c5 3.d5 e6 4.Nc3 exd5 5.cxd5 d6 6.Nf3 g6 7.Nd2 Bg7 8.e4 O-O
9.Be2 Re8 10.O-O a6 11.a4 b6 12.Ra3 Ra7 13.f3 Nh5 14.f4 Bd4+ 15.Kh1 Nf6 16.Bf3 h5
17.Ne2 a5 18.Nxd4 cxd4 19.Nc4 Nxe4 20.Qxd4 Nc5 21.Bd2 f6 22.b4 axb4 23.Bxb4 Bg4
24.a5 Bxf3 25.gxf3 bxa5 26.Bxa5 Qe7 27.Re3 Qf8 28.Rxe8 Qxe8 29.Nxd6 Qe2 30.Rf2 Qa6
31.Qxc5 Nd7 32.Qc2 Qxd6 33.Qxg6+ Kf8 34.Re2 Ra8 35.Qh6+ Kg8 36.Rg2+  1-0

[Event "2nd Metropolitan International"]
[Site "Los Angeles USA"]
[Date "2012.08.16"]
[Round "4"]
[White "Shytaj,L"]
[Black "Shabalov,A"]
[Result "1/2-1/2"]
[WhiteElo "2486"]
[BlackElo "2553"]

1.e4 c5 2.Nf3 d6 3.d4 cxd4 4.Nxd4 Nf6 5.Nc3 a6 6.h3 e5 7.Nde2 h5 8.Bg5 Be6
9.Ng3 Nbd7 10.Be2 g6 11.Bd3 Be7 12.O-O h4 13.Nge2 Nh5 14.Bxe7 Qxe7 15.b3 Rc8
16.Rb1 Ndf6 17.Qd2 g5 18.Bc4 Bxc4 19.bxc4 Rxc4 20.Rb6 Nf4 21.Rfb1 O-O 22.Rxb7 Qe6
23.Nxf4 gxf4 24.Qd3 Kg7 25.Nd5 Rd4 26.Nxf4 Qxa2 27.Qe3 Kh7 28.Ne2 Rxe4 29.Qf3 Qe6
30.R7b6 Kg6 31.Rd1 Rd8 32.Rxa6 Qf5 33.Qd3 Rb4  1/2-1/2

[Event "2nd Metropolitan International"]
[Site "Los Angeles USA"]
[Date "2012.08.17"]
[Round "6"]
[White "Yang,Dar"]
[Black "Shabalov,A"]
[Result "1/2-1/2"]
[WhiteElo "2486"]
[BlackElo "2553"]

1.d4 Nf6 2.c4 c5 3.d5 e6 4.Nc3 exd5 5.cxd5 d6 6.e4 g6 7.h3 Bg7 8.Nf3 a6 9.a4 Nbd7
10.Bd3 Nh5 11.Bg5 Bf6 12.Be3 Ne5 13.Be2 Nxf3+ 14.Bxf3 Ng7 15.O-O O-O 16.Qd2 Rb8
17.Rfb1 Be5 18.b4 f5 19.exf5 Bxf5 20.bxc5 Bxb1 21.Rxb1 Nf5 22.Ne4 Qe8 23.cxd6 Qxa4
24.Nc5 Qa3 25.Nd7 Bxd6 26.Nxf8 Rxf8 27.Bd4 Nxd4 28.Qxd4 Rc8 29.Rd1 Rc1 30.Qf6 Rxd1+
31.Bxd1 Qc5 32.Qd8+ Kg7 33.Qd7+ Kh6 34.Qxb7 Qc3 35.Be2 a5 36.Qb1 a4 37.g3 a3
38.Qa2 Bc5 39.Kg2 Qe1 40.Bc4 Qe4+ 41.Kh2 Qf3 42.Qd2+ Kg7 43.Qf4 Qxf2+ 44.Qxf2 Bxf2
45.Kg2 Be1 46.Kf3 Kf6 47.h4 Ke5 48.Ba2 Bb4 49.h5 g5 50.Bb3 h6 51.Ba2 Kd4
52.d6 Bxd6 53.g4 Bf8  1/2-1/2

[Event "2nd Metropolitan International"]
[Site "Los Angeles USA"]
[Date "2012.08.17"]
[Round "7"]
[White "Shabalov,A"]
[Black "Liou,Y"]
[Result "1-0"]
[WhiteElo "2553"]
[BlackElo "2350"]

1.d4 d5 2.c4 c6 3.Nc3 Nf6 4.Nf3 a6 5.a4 e6 6.g3 Be7 7.Bg2 O-O 8.O-O a5 9.Re1 Na6
10.e4 dxe4 11.Nxe4 Nxe4 12.Rxe4 Nb4 13.h4 Bf6 14.Qe2 b6 15.Bf4 Ba6 16.Rd1 Rc8
17.b3 Qe7 18.Ne5 Qd8 19.Bh3 Nd5 20.Bd2 Ne7 21.Ng4 Bxd4 22.Bg5 c5 23.Rexd4 cxd4
24.Nf6+ Kh8 25.Qh5 h6 26.Bxh6 g6 27.Qe5 Rc5 28.Bg7+ Kxg7 29.Nh5+  1-0

[Event "2nd Metropolitan International"]
[Site "Los Angeles USA"]
[Date "2012.08.18"]
[Round "8"]
[White "Shabalov,A"]
[Black "Matikozian,A"]
[Result "1-0"]
[WhiteElo "2553"]
[BlackElo "2400"]

1.e4 c5 2.Nf3 d6 3.d4 cxd4 4.Nxd4 a6 5.c4 Nf6 6.Nc3 e6 7.Be2 b6 8.Be3 Bb7
9.f3 Nbd7 10.O-O Be7 11.a4 O-O 12.a5 bxa5 13.Nb3 Rb8 14.Nxa5 Ba8 15.Qd2 Ne5
16.Kh1 Qd7 17.Na4 Bd8 18.Rfd1 Bc7 19.b4 Nc6 20.c5 d5 21.Nb6 Bxb6 22.cxb6 Rfd8
23.Bxa6 d4 24.Nxc6 Qxc6 25.Bf4 Rxb6 26.b5 Qd7 27.Ra4 Bxe4 28.fxe4 Nxe4 29.Qe1 Nc3
30.Raxd4 Nxd1 31.Rxd7 Rxd7 32.h3  1-0

[Event "7th Americas Continental Playoff 2012"]
[Site "Mar del Plata ARG"]
[Date "2012.10.21"]
[Round "2.1"]
[White "Flores,Di"]
[Black "Shabalov,A"]
[Result "1-0"]
[WhiteElo "2598"]
[BlackElo "2570"]

1.c4 c5 2.g3 g6 3.Bg2 Bg7 4.Nc3 e5 5.Nf3 Ne7 6.O-O d6 7.Ne1 h5 8.Nc2 Nbc6
9.a3 h4 10.b4 hxg3 11.fxg3 Nf5 12.d3 Ncd4 13.Rb1 cxb4 14.Rxb4 O-O 15.Bxb7 Bxb7
16.Rxb7 Ne6 17.Nd5 Qc8 18.Rb1 Qc5+ 19.e3 Nc7 20.Ncb4 Rfe8 21.Nxc7 Qxc7 22.e4 Ne7
23.Bg5 a5 24.Nd5 Nxd5 25.cxd5 Qc5+ 26.Kh1 Ra7 27.Qc1 Qxc1 28.Rfxc1 Bf8 29.a4 Raa8
30.Rc6 Kg7 31.Bc1 Reb8 32.Rb5 Rxb5 33.axb5 Rb8 34.b6 Be7 35.Ba3 Kf8 36.Kg2 Ke8
37.Bxd6 Bxd6 38.Rxd6 a4 39.Rc6 a3 40.Rc3 a2 41.Ra3 Rxb6 42.Rxa2 Rb3 43.Rd2 f5
44.exf5 gxf5 45.Re2 Kf7 46.Rxe5 Kf6 47.Re6+ Kg5 48.h4+ Kh5 49.Rf6  1-0

[Event "7th Philadelphia Open"]
[Site "Philadelphia USA"]
[Date "2013.03.31"]
[Round "8"]
[White "Yang,Dar"]
[Black "Shabalov,A"]
[Result "1/2-1/2"]
[WhiteElo "2486"]
[BlackElo "2557"]

1.d4 Nf6 2.c4 e6 3.Nc3 Bb4 4.e3 O-O 5.Ne2 Re8 6.a3 Bf8 7.Ng3 d5 8.Be2 dxc4
9.O-O b6 10.Bxc4 Bb7 11.e4 c5 12.Bb5 Nfd7 13.Be3 a6 14.Be2 cxd4 15.Bxd4 Nc6
16.Be3 Qc7 17.b4 Rac8 18.Rc1 Red8 19.Qb3 a5 20.Na4 axb4 21.axb4 Qd6 22.Nxb6 Nxb6
23.Bxb6 Nd4 24.Bxd4 Qxd4 25.Rxc8 Rxc8 26.b5 g6 27.Rd1 Qb6 28.Qf3 Rc7 29.Qf4 Be7
30.e5 Kg7 31.h4 h6 32.h5 g5 33.Qd2 Qc5 34.Qd4 Qc2 35.b6 Rc3 36.Qd7 Bc5 37.Qxb7 Rxg3
38.Kf1 Qf5 39.Bf3 Qc2 40.Be2  1/2-1/2

[Event "US Masters 2013"]
[Site "Greensboro USA"]
[Date "2013.08.31"]
[Round "4.3"]
[White "Abreu Delgado,A"]
[Black "Shabalov,A"]
[Result "1/2-1/2"]
[WhiteElo "2483"]
[BlackElo "2546"]

1.c4 f5 2.Nc3 Nf6 3.g3 g6 4.Bg2 Bg7 5.d3 O-O 6.e4 fxe4 7.dxe4 Nc6 8.Nge2 d6
9.O-O e5 10.Nd5 Be6 11.Bg5 Qd7 12.Rc1 Nh5 13.Be3 Rf7 14.Qd2 Raf8 15.f3 b6
16.b4 Nd8 17.Qd3 Nb7 18.a3 Qe8 19.Ndc3  1/2-1/2

[Event "4th Continental Class 2013"]
[Site "Arlington USA"]
[Date "2013.10.09"]
[Round "1.4"]
[White "Shabalov,A"]
[Black "Yanayt,E"]
[Result "1-0"]
[WhiteElo "2520"]
[BlackElo "2229"]

1.d4 Nf6 2.c4 g6 3.Nc3 Bg7 4.e4 d6 5.Be2 O-O 6.Bg5 Na6 7.f4 c5 8.d5 Qa5 9.Qd2 e6
10.Nf3 exd5 11.cxd5 Re8 12.O-O Bd7 13.e5 dxe5 14.Bxf6 Bxf6 15.Ne4 Qd8 16.Nxf6+ Qxf6
17.fxe5 Qg7 18.Bxa6 bxa6 19.Rae1 Rad8 20.Ng5 Be6 21.d6 Bxa2 22.Ne4 Kh8 23.Nf6 Re6
24.Qa5  1-0

[Event "4th Continental Class 2013"]
[Site "Arlington USA"]
[Date "2013.10.10"]
[Round "2.4"]
[White "Kaufman,La"]
[Black "Shabalov,A"]
[Result "0-1"]
[WhiteElo "2347"]
[BlackElo "2520"]

1.d4 Nf6 2.c4 g6 3.f3 Nc6 4.d5 Ne5 5.e4 d6 6.Nc3 Bg7 7.Be2 e6 8.f4 Ned7 9.Nh3 exd5
10.cxd5 O-O 11.Nf2 Re8 12.O-O Nc5 13.Qc2 a5 14.Re1 Bd7 15.Bd2 c6 16.dxc6 Bxc6
17.Bf3 Rc8 18.Rad1 b5 19.Qb1 b4 20.Nd5 Ncxe4 21.Nxe4 Nxd5 22.f5 Re5 23.Bg5 Qb6+
24.Kh1 Ba8 25.fxg6 hxg6 26.Bh4 f5 27.Bf2 Qd8 28.Ng3 Rxe1+ 29.Rxe1 Nf6 30.Bxa8 Rxa8
31.h3 d5 32.Rd1 Qd6 33.Qc2 Re8 34.Nf1 Ne4 35.Bg1 Kh7 36.Qa4 Rc8 37.Qxa5 Rc2
38.Qxd5 Qxd5 39.Rxd5 Rxb2 40.Rd7 Rb1 41.Ne3 Kh6 42.Nc4 Rc1 43.Nd6 Nxd6 44.Rxd6 Ra1
45.g3 Be5 46.Rd3 Rxa2 47.Be3+ Kg7 48.Bc5 Bc3 49.Rd7+ Kf6 50.Rd6+ Ke5 51.Bxb4 Bxb4
52.Rxg6 Ke4 53.Rf6 Bc3 54.Rf7 Be5 55.Re7 Re2 56.h4 Kf3 57.Rf7 Re1+  0-1

[Event "4th Continental Class 2013"]
[Site "Arlington USA"]
[Date "2013.10.11"]
[Round "4.1"]
[White "Rakhmanov,Ale"]
[Black "Shabalov,A"]
[Result "0-1"]
[WhiteElo "2603"]
[BlackElo "2520"]

1.c4 g6 2.g3 Bg7 3.Bg2 f5 4.h4 Nf6 5.h5 Nxh5 6.e4 fxe4 7.Rxh5 gxh5 8.Qxh5+ Kf8
9.Nh3 Qe8 10.Qh4 Nc6 11.Nc3 d6 12.Nd5 Bxh3 13.Qxh3 Nd4 14.Bxe4 c6 15.Nf4 e5
16.Ne2 Qe6 17.Qh4 d5 18.Bg2 Nc2+ 19.Kd1 Nxa1 20.cxd5 cxd5  0-1

[Event "4th Continental Class 2013"]
[Site "Arlington USA"]
[Date "2013.10.12"]
[Round "5.1"]
[White "Shabalov,A"]
[Black "Lenderman,A"]
[Result "1-0"]
[WhiteElo "2520"]
[BlackElo "2539"]

1.e4 c6 2.d4 d5 3.e5 Bf5 4.Nc3 e6 5.g4 Bg6 6.Nge2 c5 7.h4 h5 8.Nf4 Bh7 9.Nxh5 Nc6
10.dxc5 Bxc5 11.Bg2 Nd4 12.Bg5 Nxc2+ 13.Kf1 Qb6 14.Rc1 Qxb2 15.Rh3 Rc8 16.Nxg7+ Kf8
17.Nf5 Na3 18.Ne4 Qb5+ 19.Kg1 dxe4 20.Rxc5 Rxc5 21.Rc3 Rxc3 22.Qd6+ Ne7 23.Bh6+  1-0

[Event "4th Continental Class 2013"]
[Site "Arlington USA"]
[Date "2013.10.12"]
[Round "6.1"]
[White "Stripunsky,A"]
[Black "Shabalov,A"]
[Result "1/2-1/2"]
[WhiteElo "2549"]
[BlackElo "2520"]

1.e4 c6 2.d4 d5 3.exd5 cxd5 4.c4 Nf6 5.Nc3 e6 6.Nf3 Be7 7.cxd5 Nxd5 8.Bd3 Nc6
9.O-O O-O 10.Re1 Bf6 11.Be4 Nce7 12.h4 Bd7 13.Bg5 Bc6 14.Qd2 Rc8 15.Nxd5 Nxd5
16.Rac1 Bxg5 17.hxg5 Ne7 18.Bxc6  1/2-1/2

[Event "4th Continental Class 2013"]
[Site "Arlington USA"]
[Date "2013.10.13"]
[Round "7.1"]
[White "Shabalov,A"]
[Black "Gerzhoy,L"]
[Result "1/2-1/2"]
[WhiteElo "2520"]
[BlackElo "2478"]

1.d4 Nf6 2.c4 g6 3.Nc3 d5 4.Nf3 Bg7 5.h4 c6 6.cxd5 cxd5 7.Bf4 Nc6 8.e3 O-O
9.Be2 Bg4 10.O-O e6 11.Qb3 Qe7 12.Rfc1 Ne4 13.Ng5 Bxe2 14.Nxe2 Nxg5 15.hxg5 Rfc8
16.Rc3  1/2-1/2

[Event "4th Continental Class 2013"]
[Site "Arlington USA"]
[Date "2013.10.13"]
[Round "8.1"]
[White "Reis,Renan do Carmo"]
[Black "Shabalov,A"]
[Result "0-1"]
[WhiteElo "2266"]
[BlackElo "2520"]

1.e4 c5 2.Nf3 Nc6 3.c3 d5 4.exd5 Qxd5 5.d4 Bf5 6.Be3 Nf6 7.dxc5 Qxd1+ 8.Kxd1 Nd5
9.Bb5 f6 10.Ke2 e5 11.b4 Bxb1 12.Bxc6+ bxc6 13.Raxb1 Nxc3+ 14.Kd3 Nxb1 15.Rxb1 Be7
16.a4 a6 17.Nd2 Kf7 18.Nc4 Rhd8+ 19.Kc3 Ke6 20.Na5 Rac8 21.Kc4 f5 22.f4 Rd5
23.g3 h6 24.Nb3 g5 25.Rf1 Rc7 26.Re1 Bf6 27.Bd4 Rcd7 28.Bc3 Rd1 29.Rxd1 Rxd1
30.fxe5 Bxe5 31.Bxe5 Kxe5 32.b5 axb5+ 33.axb5 cxb5+ 34.Kxb5 Kd5 35.c6 Rb1
36.Kb4 Kxc6 37.Kc4 Rxb3  0-1

[Event "SPICE Cup Open 2013"]
[Site "St Louis USA"]
[Date "2013.10.15"]
[Round "1.9"]
[White "Li,Ruifeng"]
[Black "Shabalov,A"]
[Result "0-1"]
[WhiteElo "2246"]
[BlackElo "2520"]

1.e4 c5 2.Nf3 Nc6 3.d4 cxd4 4.Nxd4 e5 5.Nb5 d6 6.N1c3 a6 7.Na3 Be7 8.Nc4 Nf6
9.Bg5 O-O 10.Bxf6 Bxf6 11.Qxd6 Be6 12.O-O-O Bg5+ 13.Kb1 Qf6 14.Qc5 Rad8 15.Nd5 Bxd5
16.exd5 b5 17.Nd2 Bxd2 18.Rxd2 Nd4 19.Bd3 Rc8 20.Qa3 a5 21.Be4 b4 22.Qe3 g6
23.Rhd1 Qd6 24.g3 a4 25.f4 Nb5 26.Ka1 a3 27.bxa3 Nc3 28.fxe5 Qa6 29.Rd3 Qxa3
30.Rxc3 bxc3 31.Qc1 Qa4  0-1

[Event "SPICE Cup Open 2013"]
[Site "St Louis USA"]
[Date "2013.10.17"]
[Round "5.3"]
[White "Xiong,Jeffrey"]
[Black "Shabalov,A"]
[Result "1/2-1/2"]
[WhiteElo "2345"]
[BlackElo "2520"]

1.e4 c5 2.Nf3 e6 3.g3 Nc6 4.Bg2 e5 5.O-O g6 6.c3 Bg7 7.d4 cxd4 8.cxd4 Nxd4
9.Nxd4 exd4 10.Na3 Ne7 11.Bf4 a6 12.Rc1 Nc6 13.Bd6 Bf8 14.e5 Bxd6 15.exd6 O-O
16.f4 b5 17.f5 Bb7 18.Qd2 Qf6 19.fxg6 Qxg6 20.Qf4 Rae8 21.Rc5 f5 22.Nc2 Qg7
23.Rxf5 Rxf5 24.Qxf5 Kh8 25.Qd3 Re6 26.Bxc6 Bxc6 27.Nxd4 Rxd6 28.Rf4 Qe5
29.Qc3 Rd5 30.Kf2 h6 31.Qf3 Qe7 32.Nxc6 dxc6 33.Re4 Qc5+ 34.Kg2 Rf5 35.Re8+ Kh7
36.Qe4 Qd5 37.Re7+ Kg8 38.Qxd5+ Rxd5 39.Ra7 Rd2+ 40.Kh3 Rxb2 41.Rxa6 c5 42.Rc6 c4
43.a4 bxa4 44.Rxc4 a3 45.Ra4 a2 46.Ra7 h5 47.g4 hxg4+ 48.Kxg4 Rxh2 49.Kf3 Kf8  1/2-1/2

[Event "SPICE Cup Open 2013"]
[Site "St Louis USA"]
[Date "2013.10.19"]
[Round "8.4"]
[White "Shabalov,A"]
[Black "Robson,R"]
[Result "1-0"]
[WhiteElo "2520"]
[BlackElo "2628"]

1.c4 c5 2.Nf3 Nc6 3.d4 cxd4 4.Nxd4 Nf6 5.Nc3 e6 6.a3 Bc5 7.Nb3 Be7 8.e4 O-O
9.Be2 b6 10.O-O Bb7 11.Bf4 d6 12.Rc1 Rc8 13.Bg3 Ne5 14.Nd2 Qc7 15.b4 Qb8
16.f4 Ned7 17.Bf3 a6 18.e5 dxe5 19.fxe5 Ne8 20.Qe2 a5 21.Nd5 Bxd5 22.cxd5 Rxc1
23.Rxc1 axb4 24.dxe6 fxe6 25.Qc4 Nc5 26.axb4 Qd8 27.Rd1 b5 28.Qxb5 Qd3 29.Qc4 Qxc4
30.Nxc4 Na4 31.Be1 Rf4 32.Rc1 Nc7 33.Bc6 Nc5 34.Bd2 Nd3 35.Bxf4 Nxf4 36.Rb1 Ne2+
37.Kf1 Nc3 38.Rb3  1-0

[Event "SPICE Cup Open 2013"]
[Site "St Louis USA"]
[Date "2013.10.19"]
[Round "9.4"]
[White "Yermolinsky,A"]
[Black "Shabalov,A"]
[Result "1/2-1/2"]
[WhiteElo "2516"]
[BlackElo "2520"]

1.e4 c6 2.d4 d5 3.exd5 cxd5 4.c4 Nf6 5.Nc3 e6 6.Nf3 Be7 7.cxd5 Nxd5 8.Bd3 Nc6
9.O-O O-O 10.a3 Bf6 11.Re1 Nxd4 12.Nxd4 Bxd4 13.Bxh7+ Kxh7 14.Qxd4 Nxc3  1/2-1/2

[Event "12th Foxwoods Open 2014"]
[Site "Ledyard USA"]
[Date "2014.01.22"]
[Round "1.5"]
[White "Bonin,J"]
[Black "Shabalov,A"]
[Result "1-0"]
[WhiteElo "2303"]
[BlackElo "2529"]

1.d4 d5 2.Bg5 f6 3.Bf4 Nc6 4.e3 Bf5 5.a3 Qd7 6.Nf3 g5 7.Bg3 h5 8.h4 g4 9.Ng1 e5
10.Bb5 a6 11.Ba4 exd4 12.exd4 b5 13.Bb3 Na5 14.Ne2 Nc4 15.Ra2 Ne7 16.a4 Nc6
17.c3 Qh7 18.O-O N6a5 19.Nf4 Nxb3 20.Nxd5 O-O-O 21.Nxf6 Qg6 22.axb5 Nca5
23.Nd2 Be6 24.Rxa5 Nxa5 25.Qa4 Qxf6 26.Qxa5 Bd6 27.Ne4 Qf5 28.Nc5 Rdf8 29.Qxa6+ Kd8
30.Bxd6 Bc8 31.Qa5  1-0

[Event "12th Foxwoods Open 2014"]
[Site "Ledyard USA"]
[Date "2014.01.23"]
[Round "2.12"]
[White "Shabalov,A"]
[Black "Juac,Majur"]
[Result "1-0"]
[WhiteElo "2529"]
[BlackElo "2100"]

1.e4 d6 2.d4 Nf6 3.Nc3 g6 4.f4 Bg7 5.Nf3 c6 6.Bd3 b5 7.O-O O-O 8.e5 dxe5
9.fxe5 Nd5 10.Nxd5 Qxd5 11.Qe2 Bg4 12.c3 Qd8 13.h3 Be6 14.a4 bxa4 15.Rxa4 Nd7
16.Ng5 Bd5 17.e6 Nb6 18.exf7+ Bxf7 19.Ra1 Qd7 20.Bd2 Bb3 21.Nxh7 Kxh7 22.Qh5+ Kg8
23.Bxg6 Bxd4+ 24.cxd4 Qxd4+ 25.Kh1 Qg7 26.Bc3 Rf6 27.Bxf6 exf6 28.Rf4 Rd8
29.Raf1 Rd5 30.Bh7+ Qxh7 31.Qe8+ Kg7 32.Qe7+ Kh8 33.Qf8+  1-0

[Event "12th Foxwoods Open 2014"]
[Site "Ledyard USA"]
[Date "2014.01.23"]
[Round "3.7"]
[White "Chandra,Akshat"]
[Black "Shabalov,A"]
[Result "0-1"]
[WhiteElo "2341"]
[BlackElo "2529"]

1.e4 c5 2.Nf3 Nc6 3.d4 cxd4 4.Nxd4 e5 5.Nb5 d6 6.N1c3 a6 7.Na3 Be7 8.Nc4 Nf6
9.Ne3 O-O 10.g3 Be6 11.Bg2 Rc8 12.O-O Nd4 13.Ne2 Qb6 14.c3 Nb5 15.Nd5 Nxd5
16.exd5 Bg4 17.a4 Nc7 18.h3 Bh5 19.g4 Bg6 20.b3 Ne8 21.Be3 Qd8 22.Qd2 f5
23.f4 fxg4 24.hxg4 Nf6 25.f5 Be8 26.Bh3 Ne4 27.Qd3 Nc5 28.Bxc5 Rxc5 29.b4 Rc8
30.Ng3 Bg5 31.Ne4 Bf4 32.Kh1 Rf7 33.g5 Rfc7 34.Rg1 Rc4 35.Raf1 R8c7 36.Rg4 Rxe4
37.Qxe4 Rxc3 38.Rgxf4 Rxh3+ 39.Kg2 Rh5 40.Rg4 Rxg5 41.Kh2 Rxg4 42.Qxg4 Qf6
43.Rg1 Bxa4 44.Qc4 Bd7 45.Qc7 Qxf5 46.Qd8+ Kf7 47.Rf1 Qxf1 48.Qxd7+ Kg6 49.Qxd6+ Qf6
50.Qd7 Qf2+ 51.Kh1 Qf3+ 52.Kh2 Qf7 53.Qg4+ Kf6 54.Qh4+ g5 55.Qh6+ Kf5 56.d6 Qa2+
57.Kg3 Qb3+ 58.Kg2 Kg4 59.d7 Qd5+ 60.Kh2 Qd2+ 61.Kg1 Kg3  0-1

[Event "12th Foxwoods Open 2014"]
[Site "Ledyard USA"]
[Date "2014.01.24"]
[Round "4.5"]
[White "Shabalov,A"]
[Black "Shmeliov,D"]
[Result "1-0"]
[WhiteElo "2529"]
[BlackElo "2417"]

1.d4 Nf6 2.c4 g6 3.Nc3 d5 4.cxd5 Nxd5 5.e4 Nxc3 6.bxc3 Bg7 7.Bc4 c5 8.Ne2 Nc6
9.Be3 O-O 10.O-O Bg4 11.f3 Bd7 12.Rb1 Qc7 13.Rc1 Rad8 14.h4 Na5 15.Bd3 e5
16.h5 Qb8 17.Qe1 b6 18.Qh4 Qd6 19.h6 Bf6 20.Qg3 Qe7 21.f4 Bc8 22.fxe5 Bxe5
23.dxe5 Rxd3 24.Bg5 Rxg3 25.Bxe7 Re3 26.Nf4 Bb7 27.Bxf8 Kxf8 28.Nxg6+ Ke8
29.Nh8  1-0

[Event "12th Foxwoods Open 2014"]
[Site "Ledyard USA"]
[Date "2014.01.24"]
[Round "5.4"]
[White "Shabalov,A"]
[Black "Kekelidze,M"]
[Result "1/2-1/2"]
[WhiteElo "2529"]
[BlackElo "2461"]

1.d4 Nf6 2.c4 g6 3.Nc3 Bg7 4.e4 d6 5.Be2 O-O 6.Bg5 h6 7.Be3 c5 8.d5 e6 9.Qd2 exd5
10.cxd5 Re8 11.f3 a6 12.Bxh6 b5 13.Bxg7 Kxg7 14.a4 bxa4 15.Bd1 Nbd7 16.Bxa4 Rb8
17.Nge2 Rh8 18.Bxd7 Nxd7 19.Nd1 Ne5 20.f4 Qh4+ 21.Nf2 Ng4 22.Qc3+ f6 23.g3 Qh5
24.Nxg4 Bxg4 25.Rxa6 Rb7 26.Ng1 Re8 27.Rxd6 Rxe4+ 28.Kf1 Rd4 29.h3 Qf5 30.hxg4 Qb1+
31.Kf2 Rxb2+ 32.Ne2 Rxe2+ 33.Kxe2 Qxh1 34.Kf2 Qd1 35.Rd7+ Kg8 36.Rd8+ Kf7
37.Rd7+ Kg8 38.Rd8+ Kh7 39.Rd7+ Kg8 40.Rd8+ Kg7 41.Rd7+  1/2-1/2